Lịch sử Trung Cận Đông
Giới thiệu hệ thống kiến thức lịch sử về khu vực Trung Cận Đông, một khu vực có lịch sử phát triển lâu đời theo các lĩnh vực riêng như lịch sử văn hóa, tình hình chính trị theo từng thời kì lịch sử cụ thể cho đến ngày nay.; LS097...
Spremljeno u:
| Glavni autor: | |
|---|---|
| Daljnji autori: | |
| Format: | Knjiga |
| Jezik: | Undetermined |
| Izdano: |
H.
Giáo dục
2002
|
| Teme: | |
| Online pristup: | http://lrc.tdmu.edu.vn/opac/search/detail.asp?aID=2&ID=6345 |
| Oznake: |
Dodaj oznaku
Bez oznaka, Budi prvi tko označuje ovaj zapis!
|
| Thư viện lưu trữ: | Trung tâm Học liệu Trường Đại học Thủ Dầu Một |
|---|
| LEADER | 01173nam a2200217Ia 4500 | ||
|---|---|---|---|
| 001 | TDMU_6345 | ||
| 008 | 210410s9999 xx 000 0 und d | ||
| 082 | |a 956 | ||
| 090 | |b NG527 | ||
| 100 | |a Nguyễn, Thị Thư | ||
| 245 | 0 | |a Lịch sử Trung Cận Đông | |
| 245 | 0 | |c Nguyễn Thị Thư,Nguyên Hồng Bích, Nguyễn Văn Sơn | |
| 260 | |a H. | ||
| 260 | |b Giáo dục | ||
| 260 | |c 2002 | ||
| 300 | |a 364tr. | ||
| 520 | |a Giới thiệu hệ thống kiến thức lịch sử về khu vực Trung Cận Đông, một khu vực có lịch sử phát triển lâu đời theo các lĩnh vực riêng như lịch sử văn hóa, tình hình chính trị theo từng thời kì lịch sử cụ thể cho đến ngày nay.; LS097 |d Lịch sử Trung Đông | ||
| 650 | |a Lịch sử khu vực; Lịch sử; Lịch sử thế giới; Lịch sử khu vực; Trung Cận Đông | ||
| 700 | |a Nguyễn, Hồng Bích | ||
| 856 | |u http://lrc.tdmu.edu.vn/opac/search/detail.asp?aID=2&ID=6345 | ||
| 980 | |a Trung tâm Học liệu Trường Đại học Thủ Dầu Một | ||